000
00380nam a2200145Ia 4500
008
090124s9999 xx 000 0 und d
082
_b
32757
245
_a
डायबिटीस
250
_a
1
260
_b
नगर्सेकर सुरेश
_c
2004
300
_a
255
630
_a
डायबिटीस
730
_a
डायबिटीस
942
_c
BOOK
999
_c
179951
_d
179951